Finančné rigidity v dynamických sochastických modeloch všeobecnej rovnováhy
Modelovanie monetárnej politiky zameranej na finančný sektor. Využívanie dynamických stochastických modelov všeobecnej rovnováhy na analýzu ekonomického systému patrí v súčasnosti medzi najpoužívanejší prístupy v ekonomickom výskume.
Salvato in:
| Autore principale: | |
|---|---|
| Natura: | Capitolo di libro |
| Soggetti: | |
| Tags: |
Nessun Tag, puoi essere il primo ad aggiungerne!!
|
MARC
| LEADER | 00000nla a2200000 4500 | ||
|---|---|---|---|
| 001 | 0213342 | ||
| 005 | 20240502073544.3 | ||
| 044 | |a SK | ||
| 245 | 1 | 0 | |a Finančné rigidity v dynamických sochastických modeloch všeobecnej rovnováhy |c Martin Benkovič |
| 520 | |a Modelovanie monetárnej politiky zameranej na finančný sektor. Využívanie dynamických stochastických modelov všeobecnej rovnováhy na analýzu ekonomického systému patrí v súčasnosti medzi najpoužívanejší prístupy v ekonomickom výskume. | ||
| 610 | 2 | 0 | |a modely stochastické |
| 610 | 2 | 0 | |a funkcie produkčné ekonometrické |
| 610 | 2 | 0 | |a modelovanie finančné |
| 610 | 2 | 0 | |a rovnováha dynamická |
| 610 | 2 | 0 | |a teória modelov ekonomicko-matematických |
| 100 | 1 | |a Benkovič, Martin | |